LEADER 01166nam0-22004091i-450- 001 990007758790403321 005 20080611165509.0 010 $a88-238-0290-3 035 $a000775879 035 $aFED01000775879 035 $a(Aleph)000775879FED01 035 $a000775879 100 $a20030814d1995----km-y0itay50------ba 101 0 $aita 200 1 $a<>imprese familiari$ecaratteri originali, varietà e condizioni di sviluppo$fGuido Corbetta 210 $aMilano$cEGEA$d1995 215 $aXII, 244 p.$d24 cm 225 1 $aBiblioteca dell'economia d'azienda$v34 610 0 $aImpresa familiare 610 0 $aAzienda familiare 676 $a338.7 676 $a346.07 700 1$aCorbetta,$bGuido$f<1959- >$0116252 801 0$aIT$bUNINA$gRICA$2UNIMARC 901 $aBK 912 $a990007758790403321 952 $aCOLLEZ. 1277 (34)$b26300$fFSPBC 952 $aVI H 489$b26540$fFSPBC 952 $a13-BA-397$b7873$fDDCP 952 $a9-7-350-TI$b4855 DEA$fECA 952 $aSE 109.02.13-$b4731$fDECSE 959 $aFSPBC 959 $aDDCP 959 $aECA 959 $aDECSE 996 $aImprese familiari$9196857 997 $aUNINA LEADER 01595nam 2200445I 450 001 9910711566803321 005 20181102092017.0 035 $a(CKB)5470000002484382 035 $a(OCoLC)1060608473 035 $a(EXLCZ)995470000002484382 100 $a20181102j201808 ua 0 101 0 $aeng 135 $aur||||||||||| 181 $ctxt$2rdacontent 182 $cc$2rdamedia 183 $acr$2rdacarrier 200 10$aIntermittency and cessation of vortex shedding in the wake of a thin flat plate with a circular trailing edge /$fMan Mohan Rai 210 1$aMoffett Field, California :$cNational Aeronautics and Space Administration, Ames Research Center,$dAugust 2018. 215 $a1 online resource (20 pages) $cillustrations (some color) 225 1 $aNASA/TM ;$v2018-219976 300 $a"August 2018." 320 $aIncludes bibliographical references (pages 19-20). 606 $aVortex shedding$2nasat 606 $aTrailing edges$2nasat 606 $aTurbulent wakes$2nasat 606 $aDirect numerical simulations$2nasat 606 $aPeriodic variations$2nasat 615 7$aVortex shedding. 615 7$aTrailing edges. 615 7$aTurbulent wakes. 615 7$aDirect numerical simulations. 615 7$aPeriodic variations. 700 $aRai$b Man Mohan$01389366 712 02$aAmes Research Center, 801 0$bGPO 801 1$bGPO 906 $aBOOK 912 $a9910711566803321 996 $aIntermittency and cessation of vortex shedding in the wake of a thin flat plate with a circular trailing edge$93539218 997 $aUNINA LEADER 02966nam 22005773u 450 001 9910790890503321 005 20211029195939.0 010 $a0-8173-8660-2 035 $a(CKB)2550000001142819 035 $a(EBL)1389432 035 $a(OCoLC)858763346 035 $a(SSID)ssj0001054234 035 $a(PQKBManifestationID)11577909 035 $a(PQKBTitleCode)TC0001054234 035 $a(PQKBWorkID)11126580 035 $a(PQKB)10632675 035 $a(MiAaPQ)EBC1389432 035 $a(EXLCZ)992550000001142819 100 $a20131216d2014|||| u|| | 101 0 $aeng 181 $ctxt 182 $cc 183 $acr 200 10$aIn the Name of Necessity$b[electronic resource] $eMilitary Tribunals and the Loss of American Civil Liberties 210 $aTuscaloosa $cUniversity of Alabama Press$d2014 215 $a1 online resource (327 p.) 225 1 $aAlbma Rhetoric Cult & Soc Crit 300 $aDescription based upon print version of record. 311 $a0-8173-1475-X 327 $aContents; Acknowledgments; 1. Introduction: The Genealogical Origins of Necessity and Military Necessity; 2. The Capture of Major Andre?; 3. Cultural Amnesias and Legal Recollections: Forgetting and Remembering the 1862 U.S.-Dakota War Tribunals; 4. Abraham Lincoln and Ex Parte Milligan; 5. The Military Trial of Major Henry Wirz; 6. FDR, Wartime Anxieties, and the Saboteurs' Case; 7. General MacArthur's Tribunal and the Trial of General Yamashita; 8. The Legal and Public Debates over the Necessity of Bush's Military Order; 9. The Future Use of Military Tribunals; Notes; Bibliography; Index 330 $aAnalyses the ways American leaders have justified the use of military tribunals, the suspension of due process, and the elimination of habeas corpus. Though the war on terrorism is said to have generated unprecedented military situations, arguments for the Patriot Act and military tribunals following 9/11 resemble many historical claims for restricting civil liberties, more often than not in the name of necessity. Marouf Hasian Jr. examines the major legal cases that show how various generations have represented the need for military tribunals, and how officials 410 0$aAlbma Rhetoric Cult & Soc Crit 606 $aCivil rights -- United States 606 $aCourts-martial and courts of inquiry -- United States 606 $aMilitary necessity 606 $aNecessity (Law) -- United States 615 4$aCivil rights -- United States. 615 4$aCourts-martial and courts of inquiry -- United States. 615 4$aMilitary necessity. 615 4$aNecessity (Law) -- United States. 676 $a343.73 676 $a343.73/0143 676 $a343.730143 700 $aHasian$b Marouf Arif$cJr.$0867031 801 0$bAU-PeEL 801 1$bAU-PeEL 801 2$bAU-PeEL 906 $aBOOK 912 $a9910790890503321 996 $aIn the Name of Necessity$93759379 997 $aUNINA